[Event "Basses Vallees Angevines op 4th"]
[Site "Cantenay Epinard"]
[Date "2015.12.19"]
[Round "3"]
[White "Bouleau, Henry"]
[Black "Lepretre, Ludovic"]
[Result "0-1"]
[WhiteElo "1330"]
[BlackElo "1115"]
[PlyCount "76"]
[EventDate "2015.12.19"]
[EventType "swiss"]
[EventRounds "5"]
[EventCountry "FRA"]
[SourceTitle "EXT 2019"]
[Source "ChessBase"]
[SourceDate "2018.10.10"]
[SourceVersion "1"]
[SourceVersionDate "2018.10.10"]
[SourceQuality "1"]

1. d4 d5 2. c4 Nf6 3. Nc3 dxc4 4. e3 Be6 5. Qa4+ Qd7 6. Qxd7+ Nbxd7 7. Nf3 h6 8. Nd2 Nb6 9. e4 0-0-0 10. d5 Bd7 11. Nxc4 Nxc4 12. Bxc4 e5 13. f3 Bc5 14. Bd2 g5 15. Be2 a6 16. 0-0-0 g4 17. f4 exf4 18. Bxf4 Rde8 19. h3 Nxe4 20. Rhe1 gxh3 21. gxh3 Nxc3 22. bxc3 Ba3+ 23. Kd2 Bxh3 24. Rh1 Bg2 25. Rxh6 Rxh6 26. Bxh6 Bxd5 27. Re1 Bxa2 28. Bg4+ Be6 29. Be2 Rd8+ 30. Kc2 Bf5+ 31. Kb3 Bd6 32. Bc4 b5 33. Bxf7 a5 34. Ka2 Rh8 35. Be6+ Bxe6+ 36. Rxe6 Kd7 37. Rg6 Kc6 38. Be3 Rh2+ 0-1